Premier League teams 2018/2019 - Statistics

General Stats
  • This quiz has been taken 20 times
  • The average score is 17 of 20
Answer Stats
Position Points Team % Correct
5 70 Arsenal
100%
3 72 Chelsea
100%
2 97 Liverpool
100%
1 98 Manchester City
100%
6 66 Manchester United
100%
4 71 Tottenham Hotspur
100%
8 54 Everton
94%
16 39 Southampton
94%
12 49 Crystal Palace
89%
9 52 Leicester City
89%
17 36 Brighton
83%
19 26 Fulham
83%
13 45 Newcastle United
83%
10 52 West Ham United
83%
7 57 Wolverhampton Wolves
83%
15 40 Burnley
67%
14 45 Bournemouth
61%
18 34 Cardiff City
61%
20 16 Huddersfield Town
56%
11 50 Watford
56%
No matching quizzes found
Score Distribution
Percent of People with Each Score
Percentile by Number Answered
Your Score History
You have not taken this quiz